000 00915 a2200253 4500
003 CBULib
005 20240129090801.0
008 240118b |||||||| |||| 00| 0 eng d
040 _aCBULib
_bEnglish
_cCBULib
_erda
041 _aeng
050 _aCBU-PG THESIS/MAN
100 _aMangangu, Mukwemba
_92236
245 _aAre there gender differences in the factors influencing the adoption of social media as a business platform among university student entreprenueurs?
_c/ by Mukwemba Mangangu
260 _bCopperbelt University,
_c2022.
_aKitwe:
300 _ax, 75 pages : illustrations
336 _2rdacontent
_aText |
_btxt
337 _2rdamedia
_aUnmediated |
_bn
338 _2rdacarrier
_aVolume
_bnc
500 _aincludes bibliographical references and appendices
650 0 _91798
_aSOCIAL MEDIA
650 0 _92062
_aGENDER
650 0 _92238
_aUNIVERSITY STUDENT ENTREPRENEURS
942 _2lcc
_c030
999 _c84081
_d84081